| 000 | 00623nam a2200229 a 4500 | ||
|---|---|---|---|
| 001 | BRCA_7861 | ||
| 005 | 20190320210028.0 | ||
| 008 | 191113s1965----sz-a######---#000-0#ger-# | ||
| 041 | _ager | ||
| 044 | _asz | ||
| 050 | 4 |
_aND2068 _b.S73 1965 |
|
| 100 | 1 |
_aStaehelin, Walter August _919452 |
|
| 245 | 1 | 0 |
_aDas buch vom porzellan _cWalter A. Staehelin. |
| 260 |
_aBerna, Suiza _bBenteli _cc1965 |
||
| 300 |
_a87 p. _bil. a color, 80 láminas _c33 cm. |
||
| 500 | _aY87 | ||
| 650 | 1 | 4 |
_aAcuarelas chinas _919453 |
| 650 | 1 | 4 |
_aPorcelana china _91313 |
| 650 | 1 | 4 |
_aPorcelana _xHistoria _91464 |
| 902 | _aGFM | ||
| 942 |
_2lcc _cB |
||
| 999 |
_c7535 _d7535 |
||